[Event "LSS No Engine Cup 97 Preliminary 0"]
[Site "LSS email"]
[Date "2013.11.04"]
[Round "?"]
[White "Gajic, Sladjan"]
[Black "Ogaki, Hideki"]
[Result "1-0"]
[WhiteElo "1942"]
[BlackElo "1600"]
[PlyCount "69"]
[EventDate "2013.11.05"]
[EventType "tourn (corr)"]
[EventRounds "6"]
[EventCountry "GER"]
[SourceTitle "Corr 2022"]
[Source "ChessBase"]
[SourceDate "2021.10.24"]
[SourceVersion "1"]
[SourceVersionDate "2021.10.24"]
[SourceQuality "1"]

1. d4 d5 2. Nf3 c6 3. c4 dxc4 4. e3 b5 5. a4 e6 6. Nc3 Bb4 7. Bd2 Bb7 8. b3 a5 9. bxc4 bxc4 10. Bxc4 Nf6 11. 0-0 0-0 12. Qe2 c5 13. dxc5 Nbd7 14. c6 Bxc6 15. Nd4 Bd5 16. Nxd5 Nxd5 17. Bxd5 exd5 18. Bxb4 axb4 19. Rfb1 Qa5 20. Nc6 Qa6 21. Qxa6 Rxa6 22. Nxb4 Ra5 23. Nc6 Ra6 24. Ne7+ Kh8 25. Nxd5 h6 26. a5 Rfa8 27. Nc7 Rxa5 28. Nxa8 Rxa1 29. Rxa1 Ne5 30. Nc7 g5 31. Nd5 Kg7 32. Ra7 Kg6 33. f4 Ng4 34. h3 Nf6 35. Ra6 1-0

[Event "LSS No Engine Cup 97 Preliminary 0"]
[Site "LSS email"]
[Date "2013.11.04"]
[Round "?"]
[White "Ogaki, Hideki"]
[Black "Tittarelli, Adriano"]
[Result "1/2-1/2"]
[WhiteElo "1600"]
[BlackElo "1410"]
[PlyCount "67"]
[EventDate "2013.11.05"]
[EventType "tourn (corr)"]
[EventRounds "6"]
[EventCountry "GER"]
[SourceTitle "Corr 2022"]
[Source "ChessBase"]
[SourceDate "2021.10.24"]
[SourceVersion "1"]
[SourceVersionDate "2021.10.24"]
[SourceQuality "1"]

1. d4 d5 2. Nf3 Bf5 3. c4 e6 4. Qb3 b6 5. e3 c5 6. Nc3 Nf6 7. cxd5 Nxd5 8. Bb5+ Nd7 9. Ne5 N5f6 10. e4 Bg6 11. Bg5 Be7 12. Bxf6 Bxf6 13. Nxd7 Ke7 14. Nxf6 gxf6 15. d5 e5 16. 0-0 Qd6 17. Qd1 h5 18. Rc1 Rag8 19. a3 h4 20. h3 Bh5 21. Qd3 Rh6 22. b4 Rhg6 23. bxc5 Rxg2+ 24. Kh1 bxc5 25. Na4 R2g5 26. Rxc5 Rd8 27. Rc6 Qb8 28. Nc5 Qxb5 29. Qxb5 Bf3+ 30. Kh2 Rg2+ 31. Kh1 Rxf2+ 32. Kg1 Rg2+ 33. Kh1 Rf2+ 34. Kg1 1/2-1/2

[Event "LSS No Engine Cup 97 Preliminary 0"]
[Site "LSS email"]
[Date "2013.11.04"]
[Round "?"]
[White "Plotnikov, Vladimir Anatolievi"]
[Black "Ogaki, Hideki"]
[Result "1-0"]
[WhiteElo "1244"]
[BlackElo "1600"]
[PlyCount "79"]
[EventDate "2013.11.05"]
[EventType "tourn (corr)"]
[EventRounds "6"]
[EventCountry "GER"]
[SourceTitle "Corr 2022"]
[Source "ChessBase"]
[SourceDate "2021.10.24"]
[SourceVersion "1"]
[SourceVersionDate "2021.10.24"]
[SourceQuality "1"]

1. e4 e5 2. Nf3 Nf6 3. Nxe5 d6 4. Nf3 Nxe4 5. d4 d5 6. Bd3 Bd6 7. Qe2 0-0 8. Bxe4 dxe4 9. Ng5 Bf5 10. Qb5 Qd7 11. Qxb7 Nc6 12. d5 Bb4+ 13. c3 Rfb8 14. Qxc6 Qxc6 15. dxc6 Bd6 16. Nd2 h6 17. Nh3 Bxh3 18. gxh3 Re8 19. Nc4 Rab8 20. Nxd6 cxd6 21. b4 Rb6 22. Be3 Rxc6 23. Bd4 f5 24. Rg1 g5 25. Kd2 a6 26. Rae1 d5 27. f4 Rg6 28. fxg5 hxg5 29. Be3 g4 30. hxg4 fxg4 31. Rg2 Kh7 32. Reg1 Reg8 33. Bf4 R8g7 34. Ke3 Rc6 35. Be5 Re7 36. Bd4 a5 37. b5 Rh6 38. b6 Kg8 39. Rxg4+ Kf8 40. Bc5 1-0

[Event "RN-2013-0-00715"]
[Site "LSS email"]
[Date "2013.10.22"]
[Round "?"]
[White "Hinestroza, Douglas"]
[Black "Ogaki, Hideki"]
[Result "0-1"]
[WhiteElo "734"]
[BlackElo "907"]
[PlyCount "90"]
[EventDate "2013.10.13"]
[EventType "tourn (corr)"]
[EventRounds "6"]
[EventCountry "GER"]
[SourceTitle "Telechess CBM 167"]
[Source "ChessBase"]
[SourceDate "2015.07.13"]
[SourceVersion "1"]
[SourceVersionDate "2015.07.13"]
[SourceQuality "1"]

1. e4 c6 2. Nf3 d5 3. e5 Bg4 4. d4 e6 5. Be2 c5 6. c3 Nc6 7. Bg5 Qb6 8. Bc1 Bxf3 9. Bxf3 cxd4 10. cxd4 Bb4+ 11. Bd2 Nxd4 12. 0-0 Nxf3+ 13. Qxf3 Bxd2 14. Nxd2 Ne7 15. Qa3 Qd8 16. Qa4+ Qd7 17. Qb4 0-0 18. Nf3 a6 19. Rac1 Nf5 20. Qb6 Qb5 21. Qxb5 axb5 22. a3 Rfc8 23. h3 Rc4 24. Nd2 Rc6 25. Rfe1 Rac8 26. Nb3 Rxc1 27. Rxc1 Rc4 28. Kf1 f6 29. exf6 gxf6 30. Rd1 Kg7 31. Rd2 d4 32. Ke2 e5 33. Kd3 Kg6 34. Rc2 Rxc2 35. Kxc2 Kg5 36. Kd2 Nd6 37. Nc5 Nc4+ 38. Kc2 b6 39. Nd3 f5 40. Nb4 e4 41. Nd5 d3+ 42. Kc1 f4 43. Nc3 e3 44. fxe3 fxe3 45. Nxb5 e2 0-1

[Event "RN-2013-0-00715"]
[Site "LSS email"]
[Date "2013.10.22"]
[Round "?"]
[White "Ogaki, Hideki"]
[Black "Venturas, Bob"]
[Result "1-0"]
[WhiteElo "907"]
[BlackElo "711"]
[PlyCount "89"]
[EventDate "2013.10.13"]
[EventType "tourn (corr)"]
[EventRounds "6"]
[EventCountry "GER"]
[SourceTitle "Telechess CBM 167"]
[Source "ChessBase"]
[SourceDate "2015.07.13"]
[SourceVersion "1"]
[SourceVersionDate "2015.07.13"]
[SourceQuality "1"]

1. d4 d5 2. c4 c6 3. Nf3 h6 4. Nc3 Nf6 5. e3 a6 6. Bd2 Bg4 7. cxd5 cxd5 8. Bd3 Nc6 9. h3 Bh5 10. g4 Bg6 11. Bxg6 fxg6 12. Qc2 e6 13. Qxg6+ Kd7 14. Ne5+ Nxe5 15. dxe5 Ne8 16. Rd1 Kc7 17. Ne2 Rc8 18. Qxe6 Kb8 19. Nf4 Nc7 20. Qb6 Na8 21. Qxd8 Rxd8 22. Ne6 Re8 23. Nxf8 Rhxf8 24. Bb4 Rf7 25. Rxd5 Nb6 26. Bd6+ Ka8 27. Rd4 Nd7 28. f4 g5 29. h4 gxf4 30. Rxf4 Rg7 31. Rhf1 Nxe5 32. Rf8 Rxf8 33. Rxf8+ Ka7 34. Bxe5 Rxg4 35. Bd4+ b6 36. Rf4 Rg6 37. Rf6 Rxf6 38. Bxf6 h5 39. Kf2 Kb7 40. Kf3 Kc6 41. Ke4 Kd6 42. Kd4 Ke6 43. Bg5 a5 44. e4 a4 45. e5 1-0

[Event "LSS No Engine Cup 78 Preliminary 6"]
[Site "LSS email"]
[Date "2012.12.05"]
[Round "?"]
[White "Hogan, Bernardo"]
[Black "Ogaki, Hideki"]
[Result "1-0"]
[WhiteElo "1181"]
[BlackElo "873"]
[PlyCount "41"]
[EventDate "2012.12.06"]
[EventType "tourn (corr)"]
[EventRounds "6"]
[EventCountry "GER"]
[SourceTitle "Telechess CBM 159"]
[Source "ChessBase"]
[SourceDate "2014.03.17"]
[SourceVersion "1"]
[SourceVersionDate "2014.03.17"]
[SourceQuality "1"]

1. d4 Nf6 2. c4 e6 3. Nf3 b6 4. Nc3 Bb7 5. Bg5 Bb4 6. e3 h6 7. Bh4 g5 8. Bg3 Ne4 9. Qc2 Bxc3+ 10. bxc3 Nxg3 11. hxg3 Nc6 12. d5 Ne7 13. e4 d6 14. Nxg5 Qd7 15. Be2 0-0-0 16. Nxf7 exd5 17. Nxd8 Qxd8 18. cxd5 c6 19. c4 Qc7 20. Qb2 a6 21. Qxh8+ 1-0

[Event "RN-2012-0-00462"]
[Site "LSS email"]
[Date "2012.03.16"]
[Round "?"]
[White "Ogaki, Hideki"]
[Black "Bortnicker, Justin"]
[Result "0-1"]
[WhiteElo "865"]
[BlackElo "917"]
[PlyCount "134"]
[EventDate "2012.03.06"]
[EventType "tourn (corr)"]
[EventRounds "6"]
[EventCountry "GER"]
[SourceTitle "Telechess CBM 153"]
[Source "ChessBase"]
[SourceDate "2013.03.14"]
[SourceVersion "1"]
[SourceVersionDate "2013.03.14"]
[SourceQuality "1"]

1. e4 e5 2. Nf3 Nc6 3. Bc4 Bc5 4. c3 h6 5. 0-0 Nf6 6. d4 Bd6 7. dxe5 Nxe5 8. Nxe5 Bxe5 9. f4 Bd6 10. e5 Bc5+ 11. Kh1 Nh7 12. f5 d6 13. e6 fxe6 14. fxe6 Qe7 15. Bb5+ c6 16. Qe2 Bxe6 17. Re1 Nf8 18. Bd3 0-0-0 19. Bf5 Re8 20. b4 Bb6 21. a4 a6 22. b5 axb5 23. axb5 Kb8 24. Na3 Qf6 25. Qf3 Kc7 26. Be3 c5 27. Bf4 Qxf5 28. Bxd6+ Kxd6 29. Nc4+ Kc7 30. Qxf5 Bxf5 31. Rxe8 Bd7 32. Rea8 Bxb5 33. Nxb6 Kxb6 34. Rd1 Bd7 35. Rf1 Ng6 36. Rxh8 Nxh8 37. Rf4 Bc6 38. Kg1 Kc7 39. Rf8 Ng6 40. Rf7+ Kb6 41. Rxg7 Nf4 42. Kf2 Kb5 43. Ke3 Nxg2+ 44. Kd2 Nh4 45. Rg4 Nf3+ 46. Kc2 Nxh2 47. Rh4 Nf1 48. Rxh6 Ne3+ 49. Kd2 Nd5 50. Rh4 c4 51. Kc2 Kc5 52. Rh3 b5 53. Rg3 b4 54. cxb4+ Nxb4+ 55. Kc3 Nd5+ 56. Kc2 Ba4+ 57. Kb2 Kb4 58. Rf3 c3+ 59. Kc1 Kb3 60. Kb1 Nb4 61. Rh3 Bb5 62. Ka1 Bd3 63. Rh1 c2 64. Rc1 Nc6 65. Rh1 Nd4 66. Rc1 Ka3 67. Rxc2 Nxc2+ 0-1

[Event "RN-2012-0-00462"]
[Site "LSS email"]
[Date "2012.03.16"]
[Round "?"]
[White "Ogaki, Hideki"]
[Black "Cherry, Brian"]
[Result "1-0"]
[WhiteElo "865"]
[BlackElo "759"]
[PlyCount "39"]
[EventDate "2012.03.06"]
[EventType "tourn (corr)"]
[EventRounds "6"]
[EventCountry "GER"]
[SourceTitle "Telechess CBM 153"]
[Source "ChessBase"]
[SourceDate "2013.03.14"]
[SourceVersion "1"]
[SourceVersionDate "2013.03.14"]
[SourceQuality "1"]

1. e4 e5 2. Nf3 Nc6 3. Bb5 Nf6 4. 0-0 d5 5. Nxe5 Qe7 6. Nxc6 Qd6 7. Nd4+ c6 8. e5 Qxe5 9. Re1 Ne4 10. Nxc6 Qc7 11. Nd4+ Bd7 12. Bxd7+ Qxd7 13. d3 f5 14. dxe4 dxe4 15. Nc3 Bc5 16. Ndb5 Qc6 17. Be3 Be7 18. Nd4 Qd7 19. Ndb5 Qxd1 20. Raxd1 1-0